000 00679nam a2200253Ia 4500
003 OSt
005 20221006150751.0
006 a|||||r|||| 00| 0
007 ta
008 221006b |||||||| |||| 00| 0 jpn d
024 _a19,726
037 _bGift, Japan Foundation
_cTextual
040 _aEASL
_cEASL
_bjpn
041 _2jpn
_ajpn
082 _aV42.N12, M6.
245 0 _aMeiji kenpakusho shusei. 3 Vols.
260 _aTokyo
_bChikuma Shobo Japan
_c1986
300 _ap.
_ccm.
490 _v V.3JL
500 _aLibrary has Vol. 3-4 & 6.
650 _aJL
942 _hV42.N12, M6.
_cTEXL
_2CC
999 _c1087812
_d1087812